00797nam a2200217 a 450000100100000000500170001000800410002702000140006804000250008208200150010710000340012224501140015626000430027030000210031349000180033450000340035270000380038683000250042495201130044999900170056200003460520200930073807.0111010s1999 mx 001 0 spa d a848310886 aDO-SdBNPbspacBNPHU axxxxbM3961 aMasetti, Jorge,d1955-96004413aEl furor y el delirio :bitinerario de un Hijo de la Revolución cubana /cJorge Masetti ; Elizabeth Burgos. aEspaña :bTus Quets Editores,c1999. a298 p. ;c22 cm.1 aAndanza;v363 aIncluye índice onomástico1 aBurgos, Elizabethepról.960045 0aAndanza;v363945981 001050718MOaGRbGRcCTd2011-10-10iLF1l0oxxxx M396p34605-10r2020-06-25w2020-06-25y1ZNo se presta c34096d34096